000 00771nam a2200229 a 4500
001 23902
003 CO-ViMGA
008 141112s2004 ck r 000 u spa d
020 _a9789589827345
040 _aCO-ViMGA
_bspa
_cCO-ViMGA
082 0 4 _aPOMc1
100 1 _aPombo, Rafael, 1833 - 1912
_934640
245 1 0 _aCuentos pintados /
_cRafel Pombo; ilustraciones de Ivar Da Coll
260 _aColombia :
_bbabel
300 _a72p.
505 _aLa pobre viejecita;el renacuajo paseador;pastorcita;mirringa mirronga la gata candonga;simon el bobito;juan matachin
650 1 4 _a2 : ANIMALES - CUENTOS INFANTILES
_934641
650 1 4 _a3 : FABULAS COLOMBIANAS
_934642
650 1 4 _aCUENTOS INFANTILES COLOMBIANOS
_92369
700 1 _aDa Coll, Ivar
942 _2ddc
_cBK
999 _c31972
_d31972